El libro negro de la persuasión : (Record no. 200517)

MARC details
000 -CABECERA
campo de control de longitud fija 00624nam a2200205 a 4500
005 - FECHA Y HORA DE LA ÚLTIMA TRANSACCIÓN
campo de control 20230420063534.0
008 - ELEMENTOS DE LONGITUD FIJA--INFORMACIÓN GENERAL
campo de control de longitud fija 190117s2018 mx r 000 0 spa d
020 ## - NÚMERO INTERNACIONAL NORMALIZADO PARA LIBROS
Número Internacional Estándar del Libro 9786078511341
035 ## - NÚMERO DE CONTROL DEL SISTEMA
Número de control de sistema UPN01000228422
049 ## - COLECCIÓN
Colección CG
050 #4 - SIGNATURA TOPOGRÁFICA DE LA BIBLIOTECA DEL CONGRESO
Número de clasificación BF637 P4
Número de documento/Ítem LL3.4
100 1# - ASIENTO PRINCIPAL--NOMBRE PERSONAL
Nombre de persona Llantada, Alejandro
9 (RLIN) 42530
245 13 - MENCIÓN DE TÍTULO
Título El libro negro de la persuasión :
Resto del título 23 leyes que mueven nuestras voluntades /
Mención de responsabilidad, etc. Alejandro Llantada.
260 ## - PUBLICACIÓN, DISTRIBUCIÓN, ETC.
Lugar de publicación, distribución, etc. México :
Nombre del editor, distribuidor, etc. NEISA,
Fecha de publicación, distribución, etc. c2018.
300 ## - DESCRIPCIÓN FÍSICA
Extensión 140 p. :
Otras características físicas il.
650 #2 - ASIENTO SECUNDARIO DE MATERIA - TERMINO TEMATICO
Término de materia o nombre geográfico como elemento de entrada Persuasión (Psicología)
9 (RLIN) 16069
650 #7 - ASIENTO SECUNDARIO DE MATERIA - TERMINO TEMATICO
Término de materia o nombre geográfico como elemento de entrada Persuasión (Retórica)
Fuente del encabezamiento o término
9 (RLIN) 22258
905 ## - TIPO DE MATERIAL
Tipo de material Libro
Holdings
Estado de retiro Estado de pérdida Fuente del sistema de clasificación o colocación Estado dañado No para préstamo Código de colección Localización permanente Ubicación/localización actual Ubicación en estantería Total de préstamos Clasificación Código de barras Fecha visto por última vez Número de copia Tipo de ítem Koha
    Library of Congress Classification     Colección General Bib. Gregorio Torres Quintero Bib. Gregorio Torres Quintero Planta baja   BF637 P4 LL3.4 328253 31/12/2020 1 Libro
    Library of Congress Classification     Colección General Bib. Gregorio Torres Quintero Bib. Gregorio Torres Quintero Planta baja   BF637 P4 LL3.4 328254 31/12/2020 1 Libro